Score 0/16 Timer 05:00
0 Plays Today
FML Novel/Poem/Play % Correct
Today, I found my girlfriend dead so I poisoned myself. Turns out she was only sleeping. FMLRomeo and Juliet
95.6%
Today, after eventually reaching Transylvania, I met the count. He sucks. FMLDracula
79.4%
Today, my uncle left me a ring. Someone else has their Eye on it but when I wear it I still feel like I'm invisible. FML Lord of the Rings
73.5%
Today, I successfully led a revolution. Then my 'friend' (what a pig) had me hounded out. FMLAnimal Farm
66.2%
Today, my master attacked some 'giants'. They were windmills. FMLDon Quixote
57.3%
Today, I finally got the girl I've been chasing after. Then I found out she's my mother. FMLOedipus Rex
56.9%
Today, I realized that my landlady, who I hate, is in love with me. I'm in love with her 12 year-old daughter. FMLLolita
45.3%
Today, I wandered around Dublin for hours and hours. I got abused for being Jewish. And my wife's having an affair. FMLUlysses
36.5%
FML Novel/Poem/Play % Correct
Today, I waited to meet someone. He didn't come. The same thing happened yesterday. FMLWaiting for Godot
33.6%
Today, I was listening to some Ludwig Van when suddenly I got a pain in my keeshkas and felt really bolnoy. FMLA Clockwork Orange
28.3%
Today, I was at sea and killed an albatross. Now I'm forced to wear it around my neck. FMLThe Rime of the Ancient Mariner
26.5%
Today, I killed a money-lender and her sister. Then I went a bit crazy, befriended a prostitute, and got caught. Not even sure why I killed them. FMLCrime and Punishment
23.9%
Today, my hometown, Troy, was attacked. As we fled, I was pleased I'd remembered my household gods. I lost my wife though. FMLThe Aeneid
19.7%
Today, on my 30th birthday, I was arrested. I have no idea what for. FMLThe Trial
15.4%
Today, I finally escaped from WW1 and my wife went into labour. The baby died. Then she died. Then I had to walk back to the hotel in the rain. FMLA Farewell To Arms
15.4%
Today, I ate a madeleine. Now I have seven volumes worth of memories to write. FMLIn Search of Lost Time
10.4%
Remove Ads.
Support Sporcle.
Get the best of Sporcle when you Go Orange. This ad-free experience offers more features, more stats, and more fun while also helping to support Sporcle. Thank you for becoming a member.

You're not logged in!

Compare scores with friends on all Sporcle quizzes.
OR
Log In

Show Comments

Extras

Top Quizzes Today


Score Distribution

Your Account Isn't Verified!

In order to create a playlist on Sporcle, you need to verify the email address you used during registration. Go to your Sporcle Settings to finish the process.

Report this User

Report this user for behavior that violates our Community Guidelines.

Details: